Statistics for American Geography By Letter - A

Click here to take the quiz!

General Stats

  • This quiz has been taken 40 times
  • The average score is 7 of 15

Answer Stats

HintAnswer% Correct
Largest stateAlaska
100%
..and it's largest cityAnchorage
95%
Capital of New YorkAlbany
71%
Forrest Gump's homestateAlabama
68%
Resort town in ColoradoAspen
66%
Gambling capital of the East CoastAtlantic City
63%
State with the only diamond mine in the USArkansas
61%
Walter WhiteAlbuquerque
47%
Lebron James's hometownAkron
39%
City in the Texas PanhandleAmarillo
34%
Infamous military base in NevadaArea 51
32%
Island chain the above are inAluetians
16%
Location of the only WW2 battle in American territoryAttu Island
8%
Silicon HillsAustin
3%
Easternmost point of the United StatesAdak Island
0%

Score Distribution

Percentile by Number Answered

Percent of People with Each Score

Your Score History

You have not taken this quiz